Modèles de BMW - Statistiques

Statistiques générales
  • Ce quiz a été pris 353 fois
  • Le résultat moyen est 5 sur 20
Statistiques - réponses
Par images Réponse % Correct
BMW i8
88%
BMW M1
72%
BMW M8 E31
60%
BMW XM
50%
BMX X6
48%
BMW M5 CS
45%
BMW M5 E60
42%
BMW Isetta
28%
BMW M2 Coupé
25%
BMW 3.0 CSL
21%
BMW 507
9%
BMW M8 Competition
8%
BMW 328
4%
BMW 1500
2%
BMW M535i E12
2%
BMW 327
1%
BMW 328 Mille Miglia
1%
BMW Dixi
1%
BMW Z4 E89
1%
BMX M2 Turbo
1%
Aucun quiz correspondant
Distribution des résultats
% des personnes avec chaque résultat
Percentile par nombre de réponses
Votre historique - résultats
Vous n’avez pas pris ce quiz